Príručka pre izolatérov tepla a chladu

Na minha lista:
Detalhes bibliográficos
Autor principal: Kuna, Lubomír (Author)
Formato: Livro
Idioma:eslovaco
Publicado em: Bratislava : Alfa, 1976
Edição:3.preprac.vyd.
Tags: Adicionar Tag
Sem tags, seja o primeiro a adicionar uma tag!

MARC

LEADER 00000nam a22000003a 4500
001 stu93261
005 20150617225617.1
008 050310s1976------------------------slo-d
040 |a STU  |b slo 
041 0 |a slo 
080 |a 536.21 
080 |a 662.998 
100 1 |a Kuna, Lubomír  |4 aut 
245 1 |a Príručka pre izolatérov tepla a chladu 
250 |a 3.preprac.vyd. 
260 |a Bratislava :  |b Alfa,  |c 1976 
300 |a 221 s 
996 |b E47453  |c E*47453  |l EE15  |s P  |a 0  |w stu93261_0001